Loading...
| Religion | 0 | 4 | 1 | 1 | 35 | 44 | 74.75 | 0 | 1 | 11.98 | 15.15 |
| History - Other | 0 | 3 | 1 | 0 | 25 | 55 | 68.67 | 0 | 0 | 10.49 | 15.15 |
| Science - Physics | 0 | 3 | 1 | 0 | 25 | 50 | 56.33 | 0 | 1 | 13.43 | 15.15 |
| History - World | 0 | 3 | 1 | 1 | 25 | 30 | 65.00 | 0 | 1 | 10.85 | 10.10 |
| History - European | 0 | 3 | 1 | 0 | 25 | 54 | 72.00 | 0 | 0 | 8.99 | 9.09 |
| History - American | 0 | 2 | 0 | 0 | 20 | 70 | 72.50 | 0 | 1 | 6.15 | 8.08 |
| Science - Chemistry | 0 | 2 | 0 | 1 | 20 | 88 | 96.50 | 0 | 0 | 1.32 | 3.03 |
| Science - Other | 0 | 2 | 0 | 2 | 20 | 108 | 120.50 | 0 | 0 | 0.13 | 3.03 |
| Philosophy | 0 | 2 | 0 | 1 | 20 | 68 | 87.00 | 0 | 0 | 3.48 | 7.41 |
| Social Science | 0 | 2 | 1 | 0 | 15 | 50 | 68.00 | 0 | 1 | 8.22 | 15.28 |
| Current Events | 0 | 1 | 0 | 0 | 10 | 61 | 61.00 | 0 | 1 | 8.81 | 17.78 |
| Geography | 0 | 1 | 0 | 0 | 10 | 84 | 84.00 | 0 | 0 | 5.13 | 6.67 |
| Literature - British | 0 | 1 | 0 | 0 | 10 | 60 | 60.00 | 0 | 0 | 4.58 | 3.03 |
| Literature - World | 0 | 1 | 0 | 0 | 10 | 91 | 91.00 | 0 | 0 | 1.50 | 3.03 |
| Popular Culture | 0 | 1 | 0 | 1 | 10 | 110 | 110.00 | 0 | 0 | 0.00 | 3.70 |
| Mythology | 0 | 1 | 1 | 0 | 5 | 53 | 53.00 | 1 | 1 | 4.83 | 9.09 |